00471nam a22001457a 450000500170000001000150001702000260003203500130005803700130007108200080008424500980009226000590019027000560024930000200030520140207121909.0 aENG-109135 a9789381709054c500.00 aEN-92668 bDBAD/PUB a954 aMax Muller on Indian life and thought /cedited and compiled by Life Span Research Foundation aNew DelhibLife Span Publishers and Distributorsc2013 a4782/23, Ansari Road, Daryagang,bNew Delhie110002 a179p.c22cm(Hb)